Geometry Dash - Most Downloaded Auto Levels - Statistics

General Stats
  • This quiz has been taken 17 times
  • The average score is 11 of 20
Answer Stats
Publisher Update Answer Downloads % Correct
FunnyGame 1.6 Auto Clubstep 17,600,000
100%
Jax 1.1 auto play area 56,800,000
100%
tntbanker 1.7 auto electrodynamix 13,000,000
75%
FunnyGame 1.7 Auto Electrodynamix 12,500,000
75%
FunnyGame 1.5 Auto ToE 11,200,000
75%
Rabbitical 1.2 Space Travel 28,800,000
75%
FunnyGame 1.2 auto cycles 18,100,000
50%
Jax 1.2 Auto jumping Area 11,000,000
50%
oISAACo 1.9 Auto Minecraft 2 10,600,000
50%
MooBee 1.5 Clutterfunk AUTO 11,400,000
50%
yakine 1.9 destructive auto 20,000,000
50%
Khalisha 1.9 Minecraft World 5,800,000
50%
Player 1.2 no jump 5,100,000
50%
Coolyoman 2.1 Stick Figure Maze 2 8,200,000
50%
hypercube1 2.1 technoloid 9,200,000
50%
MasK463 1.5 Auto Showtime 10,100,000
25%
kylelovestoad 1.9 cool animations 7,100,000
25%
Xx 1.3 cycles AUTO 5,800,000
25%
BLACK angel 1.3 grey world 5,300,000
25%
Partition 1.5 Kinetic auto 4,900,000
25%
No matching quizzes found
Score Distribution
Percent of People with Each Score
Percentile by Number Answered
Your Score History
You have not taken this quiz